Explorador le monde diplomatique : alemania /
Guardado en:
| Autor Principal: | |
|---|---|
| Otros Autores: | |
| Formato: | Libro |
| Publicado: |
Buenos Aires :
Capital Intelectual,
2014
|
| Series: | Segunda Serie; 2
|
| Materias: | |
| Etiquetas: |
Agregar Etiqueta
Sin Etiquetas, Sea el primero en etiquetar este registro!
|
| LEADER | 01009nam a22002415a 4500 | ||
|---|---|---|---|
| 001 | CEM.cems014411 | ||
| 005 | 20140522144832.0 | ||
| 008 | 130507s2014##################000#0#####d | ||
| 003 | CEMS | ||
| 020 | |a 9789876144421 | ||
| 082 | 0 | 4 | |a 910.3 |
| 100 | 1 | |a Rabinovich, Luciana | |
| 245 | 1 | 0 | |a Explorador le monde diplomatique : |b alemania / |c Luciana Rabinovich ... y Otros ; compilado Por José Natanson |
| 260 | |a Buenos Aires : |b Capital Intelectual, |c 2014 | ||
| 300 | |a 88 p.: il. | ||
| 490 | 0 | |a Segunda Serie; 2 | |
| 505 | 0 | |a Introducción: los nuevos caminos de Alemania -- Una Historia que obsesiona : lo pasado -- Luces y sombras del modelo : Alemania hacia adentro -- Una nueva hegemonía : Alemania hacia afuera -- Arte de vanguardia : lo vivido, lo pensado, lo imaginado -- La nueva Alemania : lo que vendrá | |
| 653 | |a Geografía | ||
| 653 | |a Historia | ||
| 653 | |a Economía | ||
| 653 | |a Alemania | ||
| 700 | 1 | |a Natanson, José; comp. | |
| 859 | |a CEMS |b BIB. CEMS - 11 de abril |h 910.3 |i N191-4 |p 26976.14 |t Ej.1 | ||
